Olympischer Medaillenspiegel - Ringen - Statistiken

Allgemein
  • Dieses Quiz wurde 45 mal gespielt
  • Das Durchschnittsergebnis liegt bei 10 aus 15
Antwortstatistiken
Gesamt Gold Silber Bronze Land % Korrekt
59 31 14 14 Russland
98%
142 57 45 40 Vereinigte Staaten
95%
37 5 12 11 Deutschland
93%
76 37 22 17 Japan
85%
116 62 31 23 Sowjetunion
71%
66 29 18 19 Turkei
71%
27 5 9 13 Polen
68%
71 16 38 23 Bulgarien
56%
47 11 15 21 Iran
56%
36 11 11 14 Südkorea
56%
34 7 8 19 Rumänien
51%
86 28 27 31 Schweden
51%
56 20 17 19 Ungarn
49%
83 26 28 29 Finnland
46%
27 11 6 10 Kuba
29%
Keine übereinstimmenden Quizze gefunden
Verteilung der Resultate
Anzahl Personen mit jedem Resultat
Perzentil nach korrekt beantworteten Fragen
Ihre Resultats-Entwicklung
Sie haben dieses Quiz noch nicht gespielt